[Event "11th EUR-ch"]
[Site "Rijeka CRO"]
[Date "2010.03.16"]
[Round "10"]
[White "Romanov, Evgeny"]
[Black "Berbatov, Kiprian"]
[Result "1-0"]
[WhiteElo "2600"]
[BlackElo "2481"]
[EventDate "2010.03.06"]
[PlyCount "101"]

1.g3 g6 2.Bg2 Bg7 3.d4 Nf6 4.e4 d6 5.Ne2 O-O 6.O-O e5 7.Nbc3 c6 8.a4 Na6 
9.h3 Re8 10.Be3 Nb4 11.a5 d5 12.Ra4 Qe7 13.Qd2 dxe4 14.dxe5 Nfd5 15.Bg5 
Qxe5 16.Nxd5 Nxd5 17.Rxe4 Qxe4 18.Bxe4 Rxe4 19.Nf4 Rd4 20.Qe2 Bf5 21.Rd1 
Re4 22.Qd2 Rd4 23.Qc1 Nxf4 24.Bxf4 Bxh3 25.Rxd4 Bxd4 26.c3 Bf6 27.Bg5 Bg7 
28.Qf4 Re8 29.Qc7 Bc8 30.Bd8 Bg4 31.Be7 b6 32.a6 Bf3 33.Qd7 Ra8 34.Qb7 Re8
35.Qd7 Ra8 36.b4 h5 37.c4 c5 38.Qd3 Re8 39.Qd7 Ra8 40.bxc5 bxc5 41.Bxc5 g5
42.Bxa7 g4 43.Bb6 Bf6 44.a7 Kg7 45.c5 h4 46.c6 hxg3 47.fxg3 Rh8 48.Bd4 
Rh1+ 49.Kf2 Rh2+ 50.Ke3 Re2+ 51.Kd3 1-0

[Event "11th EUR-ch"]
[Site "Rijeka CRO"]
[Date "2010.03.16"]
[Round "10"]
[White "Hovhannisyan, Robert"]
[Black "Erdos, Viktor"]
[Result "1-0"]
[WhiteElo "2498"]
[BlackElo "2593"]
[EventDate "2010.03.06"]
[PlyCount "145"]

1.e4 e5 2.Nf3 Nc6 3.Bb5 Nf6 4.O-O Bc5 5.Nxe5 Nxe4 6.Qe2 Nxe5 7.Qxe4 Qe7 8.
Nc3 Ng6 9.Qxe7+ Bxe7 10.Nd5 c6 11.Nxe7 Kxe7 12.Re1+ Kd8 13.Bf1 d6 14.d4 
Bf5 15.c4 Kd7 16.Be3 Rhe8 17.b4 Ne7 18.a4 Bg6 19.f3 d5 20.c5 Bc2 21.Bf2 
Nf5 22.g4 Rxe1 23.Rxe1 Ne7 24.Ra1 a6 25.Bg3 g5 26.h4 gxh4 27.Bxh4 f5 28.
Bxe7 Kxe7 29.Ra2 Bd1 30.Rh2 Rh8 31.gxf5 h5 32.Kf2 Bxa4 33.Ke3 Bb5 34.Bh3 
Kf7 35.Kf4 Re8 36.Rh1 Re2 37.Kg5 Rf2 38.Kxh5 Be2 39.Kg5 Rxf3 40.Bg4 Rg3 
41.Rh7+ Kf8 42.Rh4 Rg2 43.Kf4 Bxg4 44.Rxg4 Re2 45.Rg3 Re4+ 46.Kg5 Rxd4 47.
Kg6 Rh4 48.Rg1 Rh2 49.Re1 Rg2+ 50.Kf6 Rh2 51.Ke6 Rh6+ 52.f6 Rh4 53.Rb1 Rf4
54.Ke5 Rh4 55.Kd6 d4 56.Kc7 d3 57.Kxb7 d2 58.b5 axb5 59.Kxc6 Rd4 60.Rd1 b4
61.Kb5 b3 62.c6 Rd5+ 63.Kb6 Rd6 64.Kc5 Rd3 65.Kc4 Rd6 66.Kb5 Rd5+ 67.Kb6 
Rd6 68.Kb7 Rd4 69.c7 Rb4+ 70.Kc6 Rc4+ 71.Kd7 Rd4+ 72.Ke6 Rc4 73.Rxd2 1-0

[Event "11th EUR-ch"]
[Site "Rijeka CRO"]
[Date "2010.03.16"]
[Round "10"]
[White "Womacka, Mathias"]
[Black "Pantsulaia, Levan"]
[Result "0-1"]
[WhiteElo "2452"]
[BlackElo "2588"]
[EventDate "2010.03.06"]
[PlyCount "102"]

1.e4 c6 2.d4 d5 3.Nd2 dxe4 4.Nxe4 Bf5 5.Ng3 Bg6 6.h4 h6 7.Nf3 Nd7 8.h5 Bh7
9.Bd3 Bxd3 10.Qxd3 e6 11.Bf4 Qa5+ 12.Bd2 Bb4 13.c3 Be7 14.c4 Qc7 15.O-O-O 
Ngf6 16.Kb1 O-O 17.Qe2 a5 18.Ne5 Nxe5 19.dxe5 Nd7 20.f4 Rad8 21.Ne4 Nc5 
22.Nc3 a4 23.Be3 Qa5 24.Qc2 a3 25.b3 b5 26.Bxc5 Bxc5 27.Ne4 Be7 28.c5 Qb4 
29.g3 Rd5 30.Rc1 f6 31.exf6 Bxf6 32.Nxf6+ Rxf6 33.Rhd1 Rxh5 34.Rd6 Rd5 35.
Rxc6 Rd2 36.Rc8+ Rf8 37.Rxf8+ Kxf8 38.Qc3 Qe4+ 39.Ka1 Rd3 40.Qe5 Qxe5+ 41.
fxe5 Ke7 42.Kb1 Rxg3 43.c6 Kd8 44.Rc5 Kc7 45.Rxb5 Kxc6 46.Ra5 h5 47.Rxa3 
h4 48.Ra8 h3 49.Rh8 g5 50.b4 g4 51.a4 Rb3+ 0-1

[Event "11th EUR-ch"]
[Site "Rijeka CRO"]
[Date "2010.03.16"]
[Round "10"]
[White "Levin, Evgeny"]
[Black "Reinderman, Dimitri"]
[Result "0-1"]
[WhiteElo "2486"]
[BlackElo "2576"]
[EventDate "2010.03.06"]
[PlyCount "122"]

1.d4 Nf6 2.c4 g6 3.Nc3 Bg7 4.e4 d6 5.Nf3 O-O 6.Be2 c5 7.d5 e6 8.O-O Re8 9.
Nd2 Na6 10.Re1 Nc7 11.h3 exd5 12.cxd5 Rb8 13.a4 a6 14.a5 Bd7 15.Qb3 Bb5 
16.Nxb5 axb5 17.Bxb5 Nxb5 18.Qxb5 Nxd5 19.Nf3 Nc7 20.Qb3 Ne6 21.Be3 b5 22.
Ra2 Qc7 23.Qd5 Red8 24.Rb1 Qd7 25.a6 Nc7 26.Qd3 Qc6 27.a7 Ra8 28.Qc2 Na6 
29.b4 Rxa7 30.bxc5 dxc5 31.Qe2 Rb7 32.Ra5 c4 33.Qa2 Nc7 34.e5 Ne6 35.Ra6 
Qd5 36.Bb6 Rdb8 37.Ba7 Ra8 38.Be3 Rxa6 39.Qxa6 c3 40.Qa8+ Bf8 41.Kh2 Kg7 
42.Ra1 Rd7 43.Qb8 Qb7 44.Ra8 Qxb8 45.Rxb8 b4 46.Ne1 Nd4 47.g4 Nc6 48.Rb5 
Rd1 49.Nc2 Rb1 50.Na3 Ra1 51.Nc2 Ra2 52.Nd4 Nxd4 53.Bxd4 Rd2 54.Be3 Rd3 
55.Bg5 c2 56.Rb7 h6 57.Bf4 g5 58.Bc1 Rd1 59.Be3 Bc5 60.e6 Bxe3 61.Rxf7+ 
Kg6 0-1

[Event "11th EUR-ch"]
[Site "Rijeka CRO"]
[Date "2010.03.16"]
[Round "10"]
[White "Areschenko, Alexander"]
[Black "Brunello, Sabino"]
[Result "1-0"]
[WhiteElo "2670"]
[BlackElo "2476"]
[EventDate "2010.03.06"]
[PlyCount "85"]

1.e4 e5 2.Nf3 Nc6 3.Bb5 a6 4.Ba4 Nf6 5.d3 b5 6.Bb3 Be7 7.O-O d6 8.a4 b4 9.
a5 O-O 10.h3 Be6 11.Nbd2 Bxb3 12.Nxb3 d5 13.Qe2 h6 14.Rd1 Re8 15.Nh4 Bf8 
16.Nf5 Ne7 17.Ne3 c6 18.Bd2 Ng6 19.Nf5 Rb8 20.Qf3 Nh7 21.Be3 d4 22.Bd2 Nh4
23.Nxh4 Qxh4 24.Kh2 Ng5 25.Bxg5 hxg5 26.g3 Qh6 27.Kg2 Re6 28.Nd2 g6 29.Qe2
Bd6 30.Rh1 Be7 31.Nf3 f5 32.Rae1 c5 33.Qd2 f4 34.c3 dxc3 35.bxc3 Qf8 36.
cxb4 Rxb4 37.Rb1 Kg7 38.Rhc1 Qd8 39.Qa2 Qd7 40.Rxb4 cxb4 41.g4 Bf6 42.Qb3 
Rd6 43.d4 1-0

[Event "11th EUR-ch"]
[Site "Rijeka CRO"]
[Date "2010.03.16"]
[Round "10"]
[White "Makarov, Marat"]
[Black "Korobov, Anton"]
[Result "1/2-1/2"]
[WhiteElo "2510"]
[BlackElo "2663"]
[EventDate "2010.03.06"]
[PlyCount "20"]

1.d4 Nf6 2.c4 e6 3.Nc3 Bb4 4.e3 c5 5.Ne2 b6 6.a3 Ba5 7.Rb1 Na6 8.g3 Bb7 9.
d5 exd5 10.Bg2 O-O 1/2-1/2

[Event "11th EUR-ch"]
[Site "Rijeka CRO"]
[Date "2010.03.16"]
[Round "10"]
[White "Postny, Evgeny"]
[Black "Jurcik, Marian"]
[Result "1-0"]
[WhiteElo "2641"]
[BlackElo "2510"]
[EventDate "2010.03.06"]
[PlyCount "89"]

1.d4 Nf6 2.c4 e6 3.Nf3 Bb4+ 4.Bd2 Qe7 5.g3 Nc6 6.Nc3 Bxc3 7.Bxc3 Ne4 8.Rc1
d6 9.Bg2 O-O 10.d5 Nxc3 11.Rxc3 Nb8 12.dxe6 fxe6 13.O-O Nd7 14.Nd4 Nf6 15.
Qc2 e5 16.Nf5 Bxf5 17.Qxf5 c6 18.Qc2 Rad8 19.Rd1 Rf7 20.Rd2 Qe6 21.e3 Rfd7
22.Qd1 h6 23.Qf1 Qf7 24.Qb1 Qe6 25.b4 d5 26.cxd5 cxd5 27.Rcd3 d4 28.exd4 
exd4 29.Qd1 Qc4 30.a3 b6 31.Bf1 Qd5 32.Bg2 Qc4 33.Rc2 Qe6 34.Rc6 Rd6 35.
Rc7 R6d7 36.Rc2 Rd6 37.Re2 Qc4 38.Re5 Rc8 39.Bf1 Rcd8 40.Rf5 Qe6 41.Rf4 
Qe5 42.h4 Qd5 43.Rd2 Qe5 44.Bc4+ Kh8 45.Re2 1-0

[Event "11th EUR-ch"]
[Site "Rijeka CRO"]
[Date "2010.03.16"]
[Round "10"]
[White "Papaioannou, Ioannis"]
[Black "Danielsen, Henrik"]
[Result "1-0"]
[WhiteElo "2630"]
[BlackElo "2494"]
[EventDate "2010.03.06"]
[PlyCount "173"]

1.e4 d6 2.d4 Nf6 3.f3 c6 4.c4 Nbd7 5.Nc3 a6 6.Be3 e5 7.d5 Be7 8.Qd2 O-O 9.
Nge2 cxd5 10.cxd5 b5 11.g4 Nb6 12.Ng3 Bd7 13.h4 Rc8 14.b3 Ne8 15.Nd1 Bxh4 
16.Qf2 Na8 17.Qh2 g5 18.Bd3 Bxg3+ 19.Qxg3 f6 20.Qf2 Qa5+ 21.Bd2 Qb6 22.Nb2
Qb7 23.Rh6 Rf7 24.Kf1 Nb6 25.Qh2 b4 26.Nd1 Nc7 27.Ne3 a5 28.Kf2 Re8 29.Rh1
Ree7 30.Nf1 Ne8 31.Be3 Na8 32.Ng3 Nac7 33.Qh5 Rg7 34.Qh2 Rgf7 35.Nh5 Bb5 
36.Bb1 Qa6 37.Ng3 Bd7 38.Rc1 Nb5 39.Bd3 Qb7 40.Kg1 Nc3 41.a4 Bc8 42.Qh5 
Ng7 43.Qh2 Ne8 44.Qf2 Qa8 45.Kh1 Ba6 46.Qf1 Bxd3 47.Qxd3 Rc7 48.Rh2 Rc8 
49.Nf5 Rfc7 50.Rhc2 Qb7 51.Kg2 Kf8 52.Bd2 Na2 53.Rxc7 Rxc7 54.Rc2 Nc3 55.
Bxc3 Qc8 56.Ne3 bxc3 57.Nc4 h5 58.Kg3 h4+ 59.Kg2 Qa6 60.Nxe5 Qb6 61.Nc6 
Qxb3 62.Rxc3 Qa2+ 63.Qc2 Qa1 64.Qc1 Qxa4 65.Ra3 Qb5 66.Qd2 Qb1 67.Rc3 Rb7 
68.Rc1 Rb2 69.Rxb1 Rxd2+ 70.Kg1 a4 71.Ra1 Rd3 72.Rxa4 Rxf3 73.Nd4 Rg3+ 74.
Kh2 Rxg4 75.Ne6+ Kg8 76.Ra8 Rg3 77.Rxe8+ Kf7 78.Rd8 Ke7 79.Ra8 Kf7 80.Nd4 
Rd3 81.Nf5 Kg6 82.Rf8 Rd2+ 83.Kh3 Re2 84.Re8 Re1 85.Re7 Rh1+ 86.Kg2 Re1 
87.Rg7+ 1-0

[Event "11th EUR-ch"]
[Site "Rijeka CRO"]
[Date "2010.03.16"]
[Round "10"]
[White "Skoberne, Jure"]
[Black "Kokarev, Dmitry"]
[Result "1/2-1/2"]
[WhiteElo "2509"]
[BlackElo "2622"]
[EventDate "2010.03.06"]
[PlyCount "25"]

1.e4 c5 2.c3 Nf6 3.e5 Nd5 4.d4 cxd4 5.Nf3 Nc6 6.cxd4 d6 7.Bc4 Nb6 8.Bb5 
dxe5 9.Nxe5 Bd7 10.Nxd7 Qxd7 11.Nc3 e6 12.O-O Rd8 13.Bg5 1/2-1/2

[Event "11th EUR-ch"]
[Site "Rijeka CRO"]
[Date "2010.03.16"]
[Round "10"]
[White "Pelletier, Yannick"]
[Black "Nanu, Ciprian-Costica"]
[Result "0-1"]
[WhiteElo "2611"]
[BlackElo "2505"]
[EventDate "2010.03.06"]
[PlyCount "86"]

1.d4 d5 2.c4 c6 3.Nf3 Nf6 4.Nc3 dxc4 5.a4 Bf5 6.e3 e6 7.Bxc4 Bb4 8.O-O 
Nbd7 9.Qe2 Bg6 10.e4 O-O 11.Bd3 Bh5 12.e5 Nd5 13.Nxd5 cxd5 14.Qe3 Bg6 15.
Ng5 Re8 16.f4 Rc8 17.g4 f6 18.f5 exf5 19.gxf5 fxg5 20.fxg6 Nxe5 21.gxh7+ 
Kh8 22.Bf5 g4 23.Qg3 Nf3+ 24.Rxf3 gxf3 25.Bf4 f2+ 26.Qxf2 Rc6 27.Qg3 Bd6 
28.Be5 Bxe5 29.dxe5 Qc7 30.e6 Rc1+ 31.Rxc1 Qxc1+ 32.Kg2 Qxb2+ 33.Kh3 Qf6 
34.Qd3 g6 35.Bg4 d4 36.Qe4 Re7 37.Kg3 Rxh7 38.h3 Rc7 39.Kg2 Kg7 40.a5 d3 
41.Qxd3 Qc3 42.Qd8 Qb2+ 43.Kg1 Qe5 0-1

[Event "11th EUR-ch"]
[Site "Rijeka CRO"]
[Date "2010.03.16"]
[Round "10"]
[White "Horvath, Adam"]
[Black "Stevic, Hrvoje"]
[Result "0-1"]
[WhiteElo "2501"]
[BlackElo "2610"]
[EventDate "2010.03.06"]
[PlyCount "94"]

1.e4 e5 2.Nf3 Nc6 3.Bb5 g6 4.c3 Nge7 5.d4 exd4 6.cxd4 d5 7.exd5 Nxd5 8.O-O
Bg7 9.Ne5 O-O 10.Nxc6 bxc6 11.Bxc6 Rb8 12.Nc3 Ne7 13.Bf3 Qxd4 14.Be3 Qxd1 
15.Nxd1 a5 16.Rc1 Bb7 17.Bxb7 Rxb7 18.Bc5 c6 19.Re1 Bh6 20.Rc2 Rd8 21.Rce2
Bf8 22.Nc3 Nd5 23.Re8 Rbb8 24.Nxd5 Rxe8 25.Nf6+ Kh8 26.Rxe8 Rxe8 27.Nxe8 
Bxc5 28.b3 Be7 29.Kf1 Kg8 30.Ke2 Kf8 31.Nc7 Bd6 32.Na6 Ke7 33.Kd3 Ke6 34.
Kd4 Bxh2 35.Nc5+ Kf5 36.g3 h5 37.a4 g5 38.b4 h4 39.bxa5 hxg3 40.fxg3 Bxg3 
41.Nd3 Bc7 42.Nb4 g4 43.Nxc6 g3 44.Ke3 Kg4 45.Ke2 g2 46.Kf2 Kh3 47.Nd4 
Bg3+ 0-1

[Event "11th EUR-ch"]
[Site "Rijeka CRO"]
[Date "2010.03.16"]
[Round "10"]
[White "Sebenik, Matej"]
[Black "Guseinov, Gadir"]
[Result "0-1"]
[WhiteElo "2504"]
[BlackElo "2609"]
[EventDate "2010.03.06"]
[PlyCount "62"]

1.d4 d6 2.Nf3 g6 3.c4 Bg7 4.g3 Nd7 5.Bg2 e5 6.Nc3 Ne7 7.O-O O-O 8.e4 exd4 
9.Nxd4 Nc6 10.Nde2 a5 11.Be3 Nde5 12.b3 f5 13.exf5 Bxf5 14.Qd2 Qd7 15.Rad1
Rae8 16.Nd5 Bh3 17.f4 Bxg2 18.Kxg2 Ng4 19.Bg1 Nb4 20.h3 Nxd5 21.Qxd5+ Kh8 
22.Qf3 Ne5 23.Qd5 Rf5 24.Rfe1 Rh5 25.h4 Qg4 26.Bf2 Rxh4 27.Ng1 Rf8 28.Be3 
g5 29.fxg5 c6 30.Qd4 Nf3 31.Qxg4 Rh2+ 0-1

[Event "11th EUR-ch"]
[Site "Rijeka CRO"]
[Date "2010.03.16"]
[Round "10"]
[White "Fercec, Nenad"]
[Black "Kozul, Zdenko"]
[Result "1/2-1/2"]
[WhiteElo "2492"]
[BlackElo "2602"]
[EventDate "2010.03.06"]
[PlyCount "48"]

1.e4 c5 2.Nf3 Nc6 3.d4 cxd4 4.Nxd4 Nf6 5.Nc3 d6 6.Bg5 e6 7.Qd2 a6 8.O-O-O 
Bd7 9.f3 Be7 10.g4 O-O 11.h4 Qc7 12.Kb1 Rfc8 13.Be3 Ne5 14.h5 b5 15.Bd3 b4
16.Nce2 Nxd3 17.cxd3 Qb7 18.g5 Ne8 19.g6 Bf6 20.Bg5 e5 21.gxf7+ Kxf7 22.
Bxf6 Nxf6 23.Qg5 Ne8 24.h6 g6 1/2-1/2

[Event "11th EUR-ch"]
[Site "Rijeka CRO"]
[Date "2010.03.16"]
[Round "10"]
[White "Benidze, Davit"]
[Black "Buhmann, Rainer"]
[Result "0-1"]
[WhiteElo "2499"]
[BlackElo "2587"]
[EventDate "2010.03.06"]
[PlyCount "38"]

1.d4 d5 2.c4 c6 3.Nf3 Nf6 4.e3 a6 5.Nbd2 Bf5 6.Nh4 Bg4 7.Be2 Bxe2 8.Qxe2 
g6 9.O-O Bg7 10.Nhf3 O-O 11.e4 dxe4 12.Nxe4 Nbd7 13.Bg5 Re8 14.Rfe1 h6 15.
Bd2 Nxe4 16.Qxe4 e5 17.dxe5 Nxe5 18.Rad1 Nxf3+ 19.Qxf3 Qxd2 0-1

[Event "11th EUR-ch"]
[Site "Rijeka CRO"]
[Date "2010.03.16"]
[Round "10"]
[White "Zhigalko, Andrei"]
[Black "Prohaszka, Peter"]
[Result "1-0"]
[WhiteElo "2587"]
[BlackElo "2501"]
[EventDate "2010.03.06"]
[PlyCount "137"]

1.e4 c6 2.d4 d5 3.e5 Bf5 4.Nf3 e6 5.Be2 c5 6.O-O Nc6 7.c3 cxd4 8.Nxd4 Nxd4
9.cxd4 Ne7 10.Nc3 Nc6 11.Be3 Be7 12.g4 Bg6 13.f4 f5 14.exf6 Bxf6 15.Bd3 
Bxd3 16.Qxd3 O-O 17.Kh1 Qd7 18.Rae1 Rae8 19.Ne2 Bd8 20.Ng1 Bc7 21.Rf2 g6 
22.Ref1 Re7 23.Nh3 Rfe8 24.Ng5 Bd8 25.Nf3 Rf7 26.Ne5 Nxe5 27.dxe5 Bb6 28.
Bxb6 axb6 29.h4 Ref8 30.Kg2 Qa4 31.b3 Qe4+ 32.Qxe4 dxe4 33.Kg3 Rd7 34.Re2 
Rd3+ 35.Kg2 Rd4 36.g5 Rc8 37.Rfe1 e3 38.Kg3 Rf8 39.Rf1 Re4 40.Rf3 b5 41.
Rexe3 Rfxf4 42.Rxe4 Rxe4 43.Rd3 Rxe5 44.Rd8+ Kf7 45.Rd7+ Kg8 46.Rxb7 Re2 
47.Rxb5 Rxa2 48.b4 Ra3+ 49.Kf4 Rh3 50.Rb8+ Kg7 51.Rb7+ Kg8 52.b5 Rxh4+ 53.
Ke5 Rg4 54.Kf6 Rf4+ 55.Kxe6 Rf5 56.b6 Rb5 57.Kd6 Rb1 58.Rb8+ Kg7 59.Kc6 h5
60.Rb7+ Kg8 61.Re7 Kf8 62.Re4 Kf7 63.b7 h4 64.Rxh4 Ke6 65.Rf4 Ke7 66.Re4+ 
Kd8 67.Rd4+ Ke7 68.Rd5 Ke6 69.Rb5 1-0

[Event "11th EUR-ch"]
[Site "Rijeka CRO"]
[Date "2010.03.16"]
[Round "10"]
[White "Ekstrom, Roland"]
[Black "Pavasovic, Dusko"]
[Result "1/2-1/2"]
[WhiteElo "2491"]
[BlackElo "2579"]
[EventDate "2010.03.06"]
[PlyCount "32"]

1.c4 e6 2.Nf3 d5 3.d4 c6 4.e3 Nf6 5.b3 Nbd7 6.Bd3 Bb4+ 7.Nbd2 e5 8.dxe5 
Bc3 9.Rb1 Nxe5 10.Nxe5 Bxe5 11.Bb2 Bxb2 12.Rxb2 O-O 13.O-O Qe7 14.cxd5 
Nxd5 15.Qh5 g6 16.Qf3 Rd8 1/2-1/2

[Event "11th EUR-ch"]
[Site "Rijeka CRO"]
[Date "2010.03.16"]
[Round "10"]
[White "Swiercz, Dariusz"]
[Black "Arutinian, David"]
[Result "1-0"]
[WhiteElo "2488"]
[BlackElo "2576"]
[EventDate "2010.03.06"]
[PlyCount "61"]

1.d4 d5 2.c4 e6 3.Nc3 Bb4 4.e3 c5 5.a3 Bxc3+ 6.bxc3 Nc6 7.Nf3 Nf6 8.Bd3 
dxc4 9.Bxc4 O-O 10.O-O Qc7 11.Qe2 e5 12.Bb2 Re8 13.h3 Bf5 14.Rfd1 Rad8 15.
Bb5 e4 16.Bxc6 bxc6 17.Ne5 Rb8 18.a4 Nd5 19.Rdc1 f6 20.Nc4 Bc8 21.Ba3 Ba6 
22.Qa2 cxd4 23.cxd4 Re6 24.Nd2 Qf7 25.Nb3 Bc8 26.Rab1 Rb6 27.a5 Rb5 28.Nc5
Nc7 29.Rxb5 cxb5 30.Nxe6 Bxe6 31.Rxc7 1-0

[Event "11th EUR-ch"]
[Site "Rijeka CRO"]
[Date "2010.03.16"]
[Round "10"]
[White "Carlsson, Pontus"]
[Black "Yemelin, Vasily"]
[Result "1/2-1/2"]
[WhiteElo "2478"]
[BlackElo "2576"]
[EventDate "2010.03.06"]
[PlyCount "53"]

1.e4 e6 2.d4 d5 3.Nd2 c5 4.exd5 Qxd5 5.Ngf3 cxd4 6.Bc4 Qd6 7.O-O Nf6 8.Nb3
Nc6 9.Nbxd4 Nxd4 10.Nxd4 a6 11.Re1 Qc7 12.Qe2 Bc5 13.c3 b5 14.Bb3 O-O 15.
Bg5 Bb7 16.Bc2 Bxd4 17.cxd4 Qc6 18.f3 Rac8 19.Rac1 Qd5 20.Qe3 Qxa2 21.Bxf6
gxf6 22.Qh6 f5 23.Qg5+ Kh8 24.Qf6+ Kg8 25.Qg5+ Kh8 26.Qf6+ Kg8 27.Qg5+ 
1/2-1/2

[Event "11th EUR-ch"]
[Site "Rijeka CRO"]
[Date "2010.03.16"]
[Round "10"]
[White "Hera, Imre jr"]
[Black "Goganov, Alexei"]
[Result "1/2-1/2"]
[WhiteElo "2574"]
[BlackElo "2492"]
[EventDate "2010.03.06"]
[PlyCount "126"]

1.c4 c6 2.d4 d5 3.Nc3 Nf6 4.e3 e6 5.Nf3 Nbd7 6.Bd3 dxc4 7.Bxc4 b5 8.Be2 
Bb7 9.O-O b4 10.Na4 c5 11.dxc5 Bxc5 12.Ne5 O-O 13.Nxd7 Nxd7 14.Bf3 Bxf3 
15.Qxf3 Bd6 16.Bd2 Qe7 17.Rac1 Nb6 18.Qd1 Rfd8 19.Nxb6 axb6 20.Qb3 Bxh2+ 
21.Kxh2 Rxd2 22.Rc4 Qd6+ 23.Kg1 b5 24.Rxb4 Rd3 25.Qc2 Qxb4 26.Qxd3 Qxb2 
27.Rb1 Qxa2 28.Rxb5 g6 29.Qb1 Qxb1+ 30.Rxb1 Ra4 31.g3 g5 32.Kg2 Kg7 33.Rb5
Kg6 34.Rb8 h5 35.Rg8+ Kf5 36.Rh8 h4 37.gxh4 Rxh4 38.Ra8 Rg4+ 39.Kf3 Rb4 
40.Ra5+ e5 41.Ra7 f6 42.Ra6 Rb1 43.Kg2 Kg6 44.Rc6 Rb4 45.Ra6 Rg4+ 46.Kf1 
e4 47.Rb6 Rh4 48.Kg2 Kf5 49.Rb5+ Kg4 50.Rb4 Kh5 51.Rb5 Kg6 52.Rb6 Rh8 53.
Rb4 f5 54.Rb6+ Kh5 55.Kg3 Rf8 56.Rb5 Kg6 57.Re5 Rf6 58.Re8 Ra6 59.Rg8+ Kf6
60.Rf8+ Ke5 61.Re8+ Re6 62.Rg8 g4 63.Ra8 Rd6 1/2-1/2

[Event "11th EUR-ch"]
[Site "Rijeka CRO"]
[Date "2010.03.16"]
[Round "10"]
[White "Durarbayli, Vasif"]
[Black "Kovacevic, Aleksandar"]
[Result "1/2-1/2"]
[WhiteElo "2476"]
[BlackElo "2574"]
[EventDate "2010.03.06"]
[PlyCount "37"]

1.e4 e6 2.d4 d5 3.Nd2 c5 4.exd5 Qxd5 5.Ngf3 cxd4 6.Bc4 Qd6 7.O-O Nf6 8.Nb3
Nc6 9.Nbxd4 Nxd4 10.Qxd4 a6 11.Qh4 Be7 12.Bg5 b5 13.Rad1 Qc5 14.Bd3 Bb7 
15.Be3 Qc7 16.Bf4 Qc5 17.Be3 Qc7 18.Bf4 Qc5 19.Be3 1/2-1/2

[Event "11th EUR-ch"]
[Site "Rijeka CRO"]
[Date "2010.03.16"]
[Round "10"]
[White "Maiwald, Jens-Uwe"]
[Black "Stefansson, Hannes"]
[Result "1/2-1/2"]
[WhiteElo "2474"]
[BlackElo "2574"]
[EventDate "2010.03.06"]
[PlyCount "26"]

1.e4 e5 2.Bc4 Nf6 3.d3 Nc6 4.Nf3 Bc5 5.c3 a6 6.O-O Ba7 7.Bb3 d6 8.Be3 O-O 
9.Nbd2 h6 10.Re1 Re8 11.Bxa7 Rxa7 12.d4 Bg4 13.Qc2 Na5 1/2-1/2

[Event "11th EUR-ch"]
[Site "Rijeka CRO"]
[Date "2010.03.16"]
[Round "10"]
[White "Nevednichy, Vladislav"]
[Black "Chirila, Ioan-Cristian"]
[Result "0-1"]
[WhiteElo "2572"]
[BlackElo "2487"]
[EventDate "2010.03.06"]
[PlyCount "84"]

1.e4 c5 2.Nf3 e6 3.d3 Nc6 4.g3 d5 5.Qe2 Nf6 6.Bg2 Be7 7.O-O O-O 8.e5 Nd7 
9.c4 Re8 10.h4 Nf8 11.Nc3 Nd4 12.Qd1 Nxf3+ 13.Qxf3 d4 14.Ne4 Qc7 15.Nf6+ 
gxf6 16.exf6 Bd8 17.Qg4+ Ng6 18.h5 Bxf6 19.hxg6 hxg6 20.Bd2 Bg7 21.b4 cxb4
22.Bxb4 Bd7 23.Rab1 e5 24.Qh4 Bc6 25.a4 Bxa4 26.f4 Bc2 27.Rb2 Bxd3 28.Bd5 
Qd8 29.Qh3 Bxf1 30.Kxf1 a5 31.Ba3 b5 32.f5 gxf5 33.Rxb5 Ra7 34.Rb2 Qg5 35.
Rh2 Qg6 36.Bc5 Rc7 37.Ba3 Rb8 38.Qh5 Qxh5 39.Rxh5 Rb3 40.Bd6 Rd7 41.c5 
Rb1+ 42.Kg2 d3 0-1

[Event "11th EUR-ch"]
[Site "Rijeka CRO"]
[Date "2010.03.16"]
[Round "10"]
[White "Sulskis, Sarunas"]
[Black "Gallagher, Joseph"]
[Result "1-0"]
[WhiteElo "2572"]
[BlackElo "2486"]
[EventDate "2010.03.06"]
[PlyCount "107"]

1.e4 c5 2.Nf3 d6 3.d4 cxd4 4.Nxd4 Nf6 5.Nc3 Nc6 6.Bc4 Qb6 7.Be3 Qxb2 8.
Ndb5 Qb4 9.Qe2 Qa5 10.O-O a6 11.Nd5 axb5 12.Bb6 Nxd5 13.Bxa5 bxc4 14.exd5 
Nxa5 15.Rab1 e6 16.Rb5 Bd7 17.Rfb1 Bxb5 18.Rxb5 Be7 19.Qe1 b6 20.dxe6 O-O 
21.Rxb6 Rfc8 22.g3 h6 23.exf7+ Kxf7 24.Qe4 Kf8 25.Ra6 d5 26.Qf5+ Ke8 27.
Rxa5 Rxa5 28.Qxc8+ Kf7 29.Qf5+ Ke8 30.Qc8+ Kf7 31.Qd7 Rxa2 32.Qxd5+ Kf8 
33.Qf5+ Bf6 34.Qc5+ Ke8 35.Qc8+ Ke7 36.Qxc4 Ra1+ 37.Kg2 Kd6 38.Qb4+ Kc7 
39.Qc5+ Kd7 40.Qb5+ Kc7 41.c4 Ra2 42.c5 Rb2 43.Qd3 Rb4 44.Qd6+ Kc8 45.h4 
Rb7 46.c6 Rc7 47.h5 Kb8 48.f4 Be7 49.Qe5 Bf6 50.Qc5 Be7 51.Qb5+ Kc8 52.Qa4
Kb8 53.Qb3+ Ka7 54.Qa2+ 1-0

[Event "11th EUR-ch"]
[Site "Rijeka CRO"]
[Date "2010.03.16"]
[Round "10"]
[White "Petrosian, Davit Gevorgi"]
[Black "Sedlak, Nikola"]
[Result "1/2-1/2"]
[WhiteElo "2468"]
[BlackElo "2570"]
[EventDate "2010.03.06"]
[PlyCount "101"]

1.e4 e6 2.d4 d5 3.Nc3 Nf6 4.Bg5 Be7 5.e5 Nfd7 6.h4 Nc6 7.Qd2 Nb6 8.O-O-O 
h6 9.Bxe7 Qxe7 10.Rh3 Bd7 11.Rg3 f6 12.exf6 gxf6 13.Rg6 O-O-O 14.Rxh6 Rhg8
15.Nf3 e5 16.h5 Bg4 17.Re1 Qf7 18.dxe5 d4 19.e6 Bxe6 20.Ne4 Bf5 21.Qf4 Ne7
22.Nxf6 Qxa2 23.Rxe7 Qa1+ 24.Kd2 Qa5+ 25.Kc1 Qa1+ 26.Kd2 Qa5+ 27.Kd1 Qa1+ 
28.Qc1 Qa4 29.Nxg8 d3 30.Bxd3 Bxd3 31.Ke1 Ba6 32.Re3 Rxg8 33.Rhe6 Qb5 34.
Re2 Qxh5 35.Qh6 Qxh6 36.Rxh6 Bxe2 37.Kxe2 Rxg2 38.Ne5 Rg8 39.f4 Nd5 40.Kf3
Rf8 41.Ng6 Re8 42.c4 Nb6 43.Ne5 a5 44.b3 Nd7 45.Nd3 Rf8 46.Rh5 b6 47.f5 c6
48.Kf4 b5 49.Ne5 Nf6 50.Rh3 Kc7 51.cxb5 1/2-1/2

[Event "11th EUR-ch"]
[Site "Rijeka CRO"]
[Date "2010.03.16"]
[Round "10"]
[White "Neubauer, Martin"]
[Black "Jankovic, Alojzije"]
[Result "1/2-1/2"]
[WhiteElo "2465"]
[BlackElo "2569"]
[EventDate "2010.03.06"]
[PlyCount "68"]

1.d4 Nf6 2.c4 c5 3.d5 e6 4.Nc3 exd5 5.cxd5 d6 6.e4 g6 7.Bd3 Bg7 8.h3 O-O 
9.Nf3 Re8 10.O-O a6 11.a4 Nh5 12.Bg5 Bf6 13.Be3 Nd7 14.Re1 Rb8 15.Qd2 Qc7 
16.g4 Ng7 17.Bf4 h5 18.g5 Be5 19.Nxe5 Nxe5 20.Bxe5 dxe5 21.h4 Qd6 22.a5 
Bd7 23.Ra3 Rec8 24.Bc4 Ne6 25.Ne2 Bb5 26.Rc1 Nd4 27.Rg3 Qd7 28.b3 b6 29.
Nxd4 cxd4 30.f4 Qd6 31.axb6 Rxb6 32.Rf3 Qc5 33.Kg2 Bxc4 34.bxc4 Rb4 
1/2-1/2

[Event "11th EUR-ch"]
[Site "Rijeka CRO"]
[Date "2010.03.16"]
[Round "10"]
[White "Iotov, Valentin"]
[Black "Nigalidze, Gaioz"]
[Result "1/2-1/2"]
[WhiteElo "2568"]
[BlackElo "2486"]
[EventDate "2010.03.06"]
[PlyCount "60"]

1.d4 Nf6 2.c4 e6 3.Nf3 c5 4.d5 exd5 5.cxd5 d6 6.Nc3 g6 7.h3 Bg7 8.e4 a6 9.
a4 O-O 10.Bd3 Re8 11.O-O Nbd7 12.Bg5 Qc7 13.Re1 Rb8 14.Rc1 Ne5 15.Nxe5 
Rxe5 16.Bf4 Re8 17.b4 Nh5 18.Bh2 Be5 19.Bxe5 Rxe5 20.bxc5 Qxc5 21.Ne2 Qb6 
22.Qd2 Bd7 23.a5 Qd8 24.f4 Re7 25.Nd4 Be8 26.Nf3 Rc7 27.Rxc7 Qxc7 28.Rc1 
Qd8 29.Rb1 b5 30.axb6 Rxb6 1/2-1/2

[Event "11th EUR-ch"]
[Site "Rijeka CRO"]
[Date "2010.03.16"]
[Round "10"]
[White "Reutsky, Sergei"]
[Black "Minasian, Artashes"]
[Result "0-1"]
[WhiteElo "2404"]
[BlackElo "2568"]
[EventDate "2010.03.06"]
[PlyCount "66"]

1.e4 g6 2.d4 Bg7 3.Nf3 d6 4.Bc4 c6 5.Bb3 Nf6 6.Qe2 e5 7.dxe5 dxe5 8.O-O 
Qe7 9.Nbd2 O-O 10.Nc4 Bg4 11.h3 Bxf3 12.Qxf3 Nbd7 13.Bg5 Nc5 14.Ne3 Rae8 
15.Bxf6 Bxf6 16.Rfd1 Bg7 17.Rd2 Qh4 18.g4 Qg5 19.Re1 Qf4 20.Qxf4 exf4 21.
Nc4 Rxe4 22.Rxe4 Nxe4 23.Re2 Ng5 24.Re7 Rd8 25.Rxb7 Nxh3+ 26.Kg2 Ng5 27.
Rxa7 Bf6 28.c3 Rd3 29.Bc2 Rh3 30.Nd2 f3+ 31.Kg1 Be5 32.Bd1 Bh2+ 33.Kf1 Bb8
0-1

[Event "11th EUR-ch"]
[Site "Rijeka CRO"]
[Date "2010.03.16"]
[Round "10"]
[White "Gajewski, Grzegorz"]
[Black "Ortega, Lexy"]
[Result "1-0"]
[WhiteElo "2567"]
[BlackElo "2479"]
[EventDate "2010.03.06"]
[PlyCount "53"]

1.d4 d5 2.c4 c6 3.Nf3 Nf6 4.Nc3 dxc4 5.a4 Bf5 6.e3 e6 7.Bxc4 Bb4 8.O-O 
Nbd7 9.Qe2 O-O 10.e4 Bg6 11.Bd3 Bh5 12.e5 Nd5 13.Nxd5 cxd5 14.Qe3 Bxf3 15.
Qxf3 a6 16.Qh3 g6 17.f4 f5 18.g4 Qb6 19.Be3 fxg4 20.Qg2 Rae8 21.Kh1 Rf7 
22.Qxg4 Rg7 23.Rf2 Kf8 24.Rg1 Qa5 25.Qe2 Qxa4 26.h4 Ree7 27.Rh2 1-0

[Event "11th EUR-ch"]
[Site "Rijeka CRO"]
[Date "2010.03.16"]
[Round "10"]
[White "Grigoriants, Sergey"]
[Black "Saric, Ante"]
[Result "1/2-1/2"]
[WhiteElo "2562"]
[BlackElo "2483"]
[EventDate "2010.03.06"]
[PlyCount "39"]

1.c4 e6 2.Nc3 d5 3.d4 c6 4.e3 Nf6 5.Nf3 Nbd7 6.Qc2 b6 7.cxd5 cxd5 8.Nb5 
Bb4+ 9.Bd2 Bxd2+ 10.Nxd2 O-O 11.Be2 Ba6 12.O-O Rc8 13.Qa4 Nb8 14.Rfc1 Qe7 
15.h3 Rfd8 16.Bf1 Ne8 17.Nf3 Bxb5 18.Bxb5 Nd6 19.Ne5 Rc7 20.Rxc7 1/2-1/2